Criminal evidence / (Record no. 5659)
[ view plain ]
| 000 -LEADER | |
|---|---|
| fixed length control field | 01045cam a2200253 a 4500 |
| 001 - CONTROL NUMBER | |
| control field | 13680889 |
| 005 - DATE AND TIME OF LATEST TRANSACTION | |
| control field | 20250506105734.0 |
| 008 - FIXED-LENGTH DATA ELEMENTS--GENERAL INFORMATION | |
| fixed length control field | 040809s2004 enk b 001 0 eng d |
| 020 ## - INTERNATIONAL STANDARD BOOK NUMBER | |
| International Standard Book Number | 0198764979 (pbk.) |
| 020 ## - INTERNATIONAL STANDARD BOOK NUMBER | |
| International Standard Book Number | 0198764987 (hardback) |
| 050 00 - LIBRARY OF CONGRESS CALL NUMBER | |
| Classification number | KD8371 |
| Item number | .R63 2004 |
| 082 00 - DEWEY DECIMAL CLASSIFICATION NUMBER | |
| Classification number | 345.42/06 |
| Edition information | 22 |
| 100 1# - MAIN ENTRY--PERSONAL NAME | |
| Personal name | Roberts, Paul, |
| Dates associated with a name | 1968- |
| 245 10 - TITLE STATEMENT | |
| Title | Criminal evidence / |
| Statement of responsibility, etc. | Paul Roberts, Adrian Zuckerman. |
| 260 ## - PUBLICATION, DISTRIBUTION, ETC. | |
| Place of publication, distribution, etc. | Oxford ; |
| -- | New York : |
| Name of publisher, distributor, etc. | Oxford University Press, |
| Date of publication, distribution, etc. | 2004. |
| 300 ## - PHYSICAL DESCRIPTION | |
| Extent | xxxv, 712 p. ; |
| Dimensions | 25 cm. |
| 500 ## - GENERAL NOTE | |
| General note | "Based on Adrian Zuckerman's The principles of criminal evidence (1989)"--Cover p. [4]. |
| 650 #0 - SUBJECT ADDED ENTRY--TOPICAL TERM | |
| Topical term or geographic name entry element | Evidence, Criminal |
| Geographic subdivision | England. |
| 700 1# - ADDED ENTRY--PERSONAL NAME | |
| Personal name | Zuckerman, A. A. S. |
| 856 42 - ELECTRONIC LOCATION AND ACCESS | |
| Materials specified | Publisher description |
| Uniform Resource Identifier | <a href="http://www.loc.gov/catdir/enhancements/fy0621/2004556494-d.html">http://www.loc.gov/catdir/enhancements/fy0621/2004556494-d.html</a> |
| 856 41 - ELECTRONIC LOCATION AND ACCESS | |
| Materials specified | Table of contents only |
| Uniform Resource Identifier | <a href="http://www.loc.gov/catdir/enhancements/fy0621/2004556494-t.html">http://www.loc.gov/catdir/enhancements/fy0621/2004556494-t.html</a> |
| 856 42 - ELECTRONIC LOCATION AND ACCESS | |
| Materials specified | Contributor biographical information |
| Uniform Resource Identifier | <a href="http://www.loc.gov/catdir/enhancements/fy0723/2004556494-b.html">http://www.loc.gov/catdir/enhancements/fy0723/2004556494-b.html</a> |
| 942 ## - ADDED ENTRY ELEMENTS (KOHA) | |
| Source of classification or shelving scheme | Library of Congress Classification |
| Koha item type | Books |
| Suppress in OPAC | No |
| 999 ## - | |
| -- | 5659 |
| -- | 5659 |
| Withdrawn status | Lost status | Source of classification or shelving scheme | Damaged status | Not for loan | Collection | Home library | Current library | Shelving location | Date acquired | Total checkouts | Full call number | Barcode | Date last seen | Price effective from | Koha item type |
|---|---|---|---|---|---|---|---|---|---|---|---|---|---|---|---|
| Library of Congress Classification | Non-fiction | Law Library (Kumasi) | Law Library (Kumasi) | General stacks | 05/05/2025 | KF9660.R54 Rob | LLK00000139 | 05/06/2025 | 05/06/2025 | Books |